Pantalones con ajuste perfecto /

Serie eminentemente práctica que con gran cantidad de apoyo visual ofrece una guía para la elaboración de distintas prendas de vestir, la utilización de materiales diversos y cuestiones particulares de la técnica y las máquinas.

שמור ב:
מידע ביבליוגרפי
מחבר תאגידי: Singer Sewing Machine Company. Education Department
פורמט: ספר
שפה:ספרדית
יצא לאור: México : Limusa, 1992, c1992
סדרה:(Singer Biblioteca de Costura)
נושאים:
תגים: הוספת תג
אין תגיות, היה/י הראשונ/ה לתייג את הרשומה!

MARC

LEADER 00000nam^a2200000^a^4500
001 000410691
005 20250521000000.0
008 180323
009 20260310122053.458
020 |a 968-18-4320-7 
020 |a 968-18-4321-5 
037 |a Acervo ITESO - Biblioteca 
041 |a ESP 
082 |a 746. 9202  |b SIN V. 3 
110 |a Singer Sewing Machine Company.  |b Education Department 
240 1 1 |a [Singer Biblioteca de Costura] 
245 1 0 |a Pantalones con ajuste perfecto /  |c Singer Sewing Machine Company, Education Department ; tr. por Herenia Antillón Almazán. 
264 4 |a México :  |b Limusa,  |c 1992, c1992 
300 |a 128 p. 
336 |a texto  |b txt  |2 rdacontenido 
337 |a sin mediación  |b n  |2 rdamedio 
338 |a volumen  |b nc  |2 rdasoporte 
440 1 |a (Singer Biblioteca de Costura) 
500 |a Traducción de: Sewing Pants That Fit 
520 |a Serie eminentemente práctica que con gran cantidad de apoyo visual ofrece una guía para la elaboración de distintas prendas de vestir, la utilización de materiales diversos y cuestiones particulares de la técnica y las máquinas. 
521 |a Peticiones 2019 
649 |a XX 
650 |a Pantalones -  |x Tema Principal 
650 |a Corte y Confección -  |x Tema Principal 
650 |a Corte y Confección -  |x Materiales y Equipo 
650 |a Corte y Confección -  |x Técnica 
650 |a Diseño de Moda 
650 |a Moda 
910 |a Fondo General 
920 |a Impresos - Libros 
930 |a Colección General 
905 |a 101 
901 |a 0500319211  |b IT1  |c ACC  |i C164938  |u 20250521 
902 |a https://opac.biblio.iteso.mx/vufind/Record/000410691